[Event "Montigny le Bretonneux Noel op 05th"]
[Site "Montigny le Bretonneux"]
[Date "2002.12.30"]
[Round "6.6"]
[White "Hedjazian, Navid"]
[Black "Jean, Robert"]
[Result "0-1"]
[WhiteElo "1620"]
[BlackElo "1860"]
[PlyCount "100"]
[EventDate "2002.12.??"]
[EventType "swiss"]
[EventRounds "7"]
[EventCountry "FRA"]
[SourceTitle "EXT 2004"]
[Source "ChessBase"]
[SourceDate "2003.11.25"]
[SourceVersion "1"]
[SourceVersionDate "2003.11.25"]
[SourceQuality "1"]

1. e4 c5 2. d4 cxd4 3. c3 dxc3 4. Nxc3 Nc6 5. Nf3 d6 6. Bc4 e6 7. 0-0 Nge7 8. Bg5 a6 9. Qe2 h6 10. Bh4 g5 11. Bg3 Ng6 12. Rfd1 Be7 13. Qd2 Nce5 14. Nxe5 Nxe5 15. Bb3 b5 16. Qd4 Ng6 17. Bxd6 Bxd6 18. Qxd6 Qxd6 19. Rxd6 Ke7 20. Rad1 Ra7 21. a4 Rd7 22. Rb6 Rxd1+ 23. Bxd1 bxa4 24. Bxa4 Rd8 25. Kf1 Ne5 26. f3 Nc4 27. Rb8 Ne5 28. Ra8 Kd6 29. Rb8 Kc5 30. Ke2 Kd6 31. g3 Kc7 32. Rb4 Bb7 33. f4 gxf4 34. gxf4 Nd3 35. Rc4+ Kb8 36. Bc6 Bxc6 37. Rxc6 Kb7 38. Rc4 Nxf4+ 39. Ke3 e5 40. Rb4+ Ka7 41. Nd5 Rxd5 42. Rb3 Rb5 43. Rxb5 axb5 44. b4 Kb6 45. h4 Ng2+ 46. Kf3 Nxh4+ 47. Kg4 Ng6 48. Kh5 Nf4+ 49. Kxh6 Nd3 50. Kg5 Nxb4 0-1

[Event "Montigny le Bretonneux Noel op 05th"]
[Site "Montigny le Bretonneux"]
[Date "2002.12.27"]
[Round "2.9"]
[White "Hedjazian, Navid"]
[Black "Vallepin, Cedric"]
[Result "1/2-1/2"]
[WhiteElo "1620"]
[BlackElo "1930"]
[PlyCount "103"]
[EventDate "2002.12.??"]
[EventType "swiss"]
[EventRounds "7"]
[EventCountry "FRA"]
[SourceTitle "EXT 2004"]
[Source "ChessBase"]
[SourceDate "2003.11.25"]
[SourceVersion "1"]
[SourceVersionDate "2003.11.25"]
[SourceQuality "1"]

1. e4 e6 2. d4 d5 3. exd5 exd5 4. Bd3 c5 5. c3 cxd4 6. cxd4 Nc6 7. Ne2 g6 8. 0-0 Bg7 9. Bb5 Nge7 10. Bg5 0-0 11. Nbc3 h6 12. Bxe7 Nxe7 13. Ba4 Bg4 14. h3 Bxe2 15. Nxe2 Qb6 16. Bb3 Rfc8 17. Qd2 Nf5 18. Rfd1 a5 19. Rab1 a4 20. Bc2 Nd6 21. b3 a3 22. Rbc1 Ne4 23. Qe3 Re8 24. Nc3 Nxc3 25. Qxc3 Rac8 26. Qd3 Re4 27. Qf1 Rxd4 28. Bb1 Rxc1 29. Rxc1 Rd2 30. Rc2 Qd4 31. Rxd2 Qxd2 32. Qd3 Qc1+ 33. Qf1 Qb2 34. Qd1 Bd4 35. Qc2 b5 36. Qxb2 axb2 37. a4 bxa4 38. bxa4 Bc3 39. Kf1 Kf8 40. Ke2 Ke7 41. Kd3 Be5 42. a5 Kd6 43. a6 Kc6 44. Kd2 f5 45. f3 Kb6 46. Bd3 Bd4 47. Kc2 Ka5 48. a7 Bxa7 49. Kxb2 Kb4 50. Kc2 Kc5 51. g4 fxg4 52. fxg4 1/2-1/2

[Event "Montigny le Bretonneux Noel op 04th"]
[Site "Montigny le Bretonneux"]
[Date "2001.12.31"]
[Round "7.13"]
[White "Gilles de la Londe, Jean Francois"]
[Black "Hedjazian, Navid"]
[Result "1-0"]
[WhiteElo "1580"]
[BlackElo "1470"]
[PlyCount "111"]
[EventDate "2001.12.26"]
[EventType "swiss"]
[EventRounds "7"]
[EventCountry "FRA"]
[SourceTitle "EXT 2003"]
[Source "ChessBase"]
[SourceDate "2002.11.25"]
[SourceVersion "1"]
[SourceVersionDate "2002.11.25"]
[SourceQuality "1"]

1. d4 Nf6 2. c4 e6 3. Nc3 Bb4 4. Qc2 0-0 5. Bg5 h6 6. Bh4 d5 7. e3 Nbd7 8. a3 Bxc3+ 9. Qxc3 b6 10. cxd5 exd5 11. Bd3 Bb7 12. b4 Rc8 13. Ne2 Re8 14. 0-0 Ne4 15. Bxd8 Nxc3 16. Nxc3 Rcxd8 17. Nb5 Ba6 18. Rad1 c6 19. Nc3 Bxd3 20. Rxd3 Nf6 21. Rc1 Rd6 22. f3 Rde6 23. Kf2 Nd7 24. e4 Rc8 25. Nxd5 Ree8 26. Rdc3 Re6 27. Rxc6 Rcxc6 28. Rxc6 Rxc6 29. Ne7+ Kf8 30. Nxc6 a6 31. f4 f6 32. d5 b5 33. Ke3 Nb6 34. Nd4 Nc4+ 35. Kd3 Nxa3 36. Ne6+ Kf7 37. Nc7 Nc4 38. Nxa6 Ke7 39. Nc7 Na3 40. Kd4 Kd7 41. Ne6 g5 42. Kc5 Ke7 43. g3 Nc4 44. Ng7 Nd2 45. Nf5+ Kd7 46. e5 fxe5 47. fxe5 Nf3 48. e6+ Ke8 49. h3 Ng1 50. d6 Nxh3 51. Kxb5 h5 52. Kc6 h4 53. gxh4 gxh4 54. b5 Nf4 55. d7+ Kd8 56. e7# 1-0